Normal view
MARC view
- Havens, John C
Entry Personal Name
001 - CONTROL NUMBER
- control field: 88929
003 - CONTROL NUMBER IDENTIFIER
- control field: NUST
005 - DATE AND TIME OF LATEST TRANSACTION
- control field: 20220210124429.0
008 - FIXED-LENGTH DATA ELEMENTS
- fixed length control field: 220210|| aca||aabn | a|a d
040 ## - CATALOGING SOURCE
- Original cataloging agency: NUST
- Transcribing agency: NUST
100 ## - HEADING--PERSONAL NAME
- Personal name: Havens, John C
670 ## - SOURCE DATA FOUND
- Source citation: Work cat.: (NUST)0: Havens, John C., Hacking h(app)iness :
